000 00309nam a2200133Ia 4500
003 OSt
005 20240108124449.0
008 170524s9999 xx 000 0 und d
040 _cIIMT UNIVERSITY
100 _aGODGIL- VASUDHA
245 0 _aMEDIA KE BHASHA
260 _bNew Delhi : Adhiyaya
942 _2ddc
_c01
999 _c9450
_d9450